000 00564nam a2200205 a 4500
001 BRL_1849
005 20190320211409.0
008 100815s1941----mx-#######---#000-0#spa-#
041 _aspa
044 _amx
050 4 _aF1435
_b.B37 1941
100 1 _aBaqueiro Anduze, Oswaldo
_928040
245 1 0 _aLos mayas
_bfin de una cultura
_cOswaldo Baqueiro Anduze.
260 _aMeìxico, D.F.
_bImprenta de la Cámara de Diputados
_c1941
300 _a112 p.
_c23 cm.
500 _aAu2163
650 1 4 _aMayas
_xAntigüedades
_99555
902 _aGRL
942 _2lcc
_cB
999 _c10657
_d10657